Teoría, cálculo y construcción de las máquinas de corriente continua / (Record no. 153873)

MARC details
000 -LEADER
campo de control de longitud fija 00912nam a2200229 i 4500
001 - NÚMERO DE CONTROL
campo de control 153873
003 - IDENTIFICADOR DE NÚMERO DE CONTROL
campo de control ES-MaACL
005 - FECHA Y HORA DE LA ÚLTIMA TRANSACCIÓN
campo de control 20251114151307.0
008 - DATOS DE LONGITUD FIJA--INFORMACIÓN GENERAL
campo de control de longitud fija 190121s1956 sp |||| | spa d
100 1# - ENTRADA PRINCIPAL--NOMBRE DE PERSONA
Nombre de persona Trenkmann, H.
9 (RLIN) 166026
245 10 - MENCIÓN DEL TÍTULO
Título Teoría, cálculo y construcción de las máquinas de corriente continua /
Mención de responsabilidad, etc. H. Trenkmann ; traducción del alemán por José Pla Sibils.
250 ## - MENCION DE EDICION
Mención de edición 3ª ed. [reimp.] revisada y ampliada por Juan Corrales Martín.
260 ## - PUBLICACIÓN, DISTRIBUCIÓN, ETC.
Lugar de publicación, distribución, etc. Barcelona :
Nombre del editor, distribuidor, etc. Labor,
Fecha de publicación, distribución, etc. 1956.
300 ## - DESCRIPCIÓN FÍSICA
Extensión XVI, 439 p. :
Otras características físicas il. ;
Dimensiones 23 cm.
490 1# - MENCIÓN DE SERIE
Mención de serie La Escuela del Técnico Electricista ;
Designación de volumen o secuencia 4
650 #4 - PUNTO DE ACCESO ADICIONAL DE MATERIA--TÉRMINO DE MATERIA
Término de materia o nombre geográfico como elemento de entrada Máquinas de corriente continua.
9 (RLIN) 157493
700 1# - ENTRADA AGREGADA--NOMBRE PERSONAL
Nombre de persona Plá Sibils, José .
9 (RLIN) 166027
700 1# - ENTRADA AGREGADA--NOMBRE PERSONAL
Nombre de persona Corrales Martín, Juan,
Fechas asociadas al nombre 1907-2000
9 (RLIN) 40736
830 0# - PUNTO DE ACCESO ADICIONAL DE SERIE-TÍTULO UNIFORME
Título uniforme La Escuela del Técnico Electricista ;
Designación de volumen o secuencia 4
9 (RLIN) 187813
852 ## - LOCALIZACIÓN
Ubicación ES-MaACL
Número de control de estantería P-317-3
Holdings
Estatus retirado Estado de pérdida Estado de daño No para préstamo Biblioteca de origen Biblioteca actual Ubicación en estantería Fecha de adquisición Fuente de adquisición Total de préstamos Signatura topográfica completa Código de barras Visto por última vez Precio de reemplazo Tipo de ítem Koha
        Biblioteca del Ateneo de Madrid Biblioteca del Ateneo de Madrid Depósito 2 21/01/2019     P-317-3 1199674 23/02/2023 23/02/2023 Libro impreso